শ্রীচৈতন্যচরিতের উপাদান / (Record no. 41295)
[ view plain ]
| 000 -LEADER | |
|---|---|
| fixed length control field | 00885nam a2200229 a 4500 |
| 001 - CONTROL NUMBER | |
| control field | 41295 |
| 003 - CONTROL NUMBER IDENTIFIER | |
| rucl marc code | BD-RjUL |
| 005 - DATE AND TIME OF LATEST TRANSACTION | |
| control field | 20211209053348.0 |
| 008 - FIXED-LENGTH DATA ELEMENTS--GENERAL INFORMATION | |
| fixed length control field | 160528s1959 ii ||||| |||| 00| 0 ben d |
| 035 ## - SYSTEM CONTROL NUMBER | |
| System control number | (BD-RjUL)41412 |
| 040 ## - CATALOGING SOURCE | |
| Original cataloging agency | BD-RjUL |
| Language of cataloging | ben |
| Transcribing agency | BD-RjUL |
| 041 ## - LANGUAGE CODE | |
| Language code of text/sound track or separate title | ben |
| 082 ## - DEWEY DECIMAL CLASSIFICATION NUMBER | |
| Edition number | 23 |
| Classification number | 294.5 |
| Author mark and year | MOS 1959 |
| 100 ## - MAIN ENTRY--PERSONAL NAME | |
| Personal name | মজুমদার, বিমানবিহারী |
| 9 (RLIN) | 127024 |
| 245 10 - TITLE STATEMENT | |
| Title | শ্রীচৈতন্যচরিতের উপাদান / |
| Statement of responsibility, etc. | বিমানবিহারী মজুমদার |
| 250 ## - EDITION STATEMENT | |
| Edition statement | ২য় সং. |
| 260 ## - PUBLICATION, DISTRIBUTION, ETC. (IMPRINT) | |
| Place of publication, distribution, etc. | কলিকাতা : |
| Name of publisher, distributor, etc. | কলিকাতা বিশ্ববিদ্যালয়, |
| Date of publication, distribution, etc. | ১৯৫৯ |
| 300 ## - PHYSICAL DESCRIPTION | |
| Pagination | [২৪], ৭৫৪ পৃ. ; |
| Size | ২১ সেমি. |
| 650 ## - SUBJECT ADDED ENTRY--TOPICAL TERM | |
| Topical term or geographic name as entry element | হিন্দুত্ত্ববাদ |
| 9 (RLIN) | 121504 |
| Topical term or geographic name as entry element | Hinduism |
| 9 (RLIN) | 127025 |
| 942 ## - ADDED ENTRY ELEMENTS (KOHA) | |
| Source of classification or shelving scheme | Dewey Decimal Classification |
| Koha item type | Books |
| Lost status | Source of classification or shelving scheme | Damaged status | Not for loan | Collection code | Permanent Location | Current Location | Shelving location | Date acquired | Source of acquisition | Cost, normal purchase price | Total Checkouts | Full call number | Date last seen | Copy number | Koha item type |
|---|---|---|---|---|---|---|---|---|---|---|---|---|---|---|---|
| Dewey Decimal Classification | Not For Loan | Non-fiction | Central Library, University of Rajshahi | Central Library, University of Rajshahi | Reading Room | 23/11/1962 | Kamala Book | 15.00 | B 294.5 MOS 1959 | 28/05/2016 | C-1 | Books | |||
| Dewey Decimal Classification | Non-fiction | Central Library, University of Rajshahi | Central Library, University of Rajshahi | 23/11/1962 | Kamala Book | 15.00 | B 294.5 MOS 1959 | 02/06/2016 | C-2 | Books |